• 首页
  • 本馆介绍
  • 公告通知
  • 最新文献
  • 馆藏检索
  • 电子资源
  • 读者导购
  • 参考咨询
  • 我的图书馆
  • 登录
  • 详细信息显示
  • 放入我的书架
  • 预约/预借图书
  • 作者相关作品
  • 分类相关作品
  • 丛书相关作品
  • 出版社相关作品

书目信息

  • 表格格式
  • 工作单格式
  • 卡片格式
题名:
国际学生流动性及技术移民
    
 
作者: 顾皓 著
分册:  
出版信息: 长春   吉林大学出版社  2019
页数: 206页
开本: 24cm
丛书名:
单 册:
中图分类: G649.712.8 , G649.611.8 , D761.138 , D771.238 , G649.712
科图分类:
主题词: 留学生教育--对比研究--美国--澳大利亚 , 移民--对比研究--美国--澳大利亚
电子资源:
ISBN: 978-7-5692-4662-9
000 01278nam0 2200301 450
001 2375396333
005 20231120205654.95
010    @a978-7-5692-4662-9@dCNY58.00
100    @a20190731d2019 em y0chiy50 ea
101 0  @aeng@dchi@gchi
102    @aCN@b220000
105    @ay z 000yy
200 1  @a国际学生流动性及技术移民@9guo ji xue sheng liu dong xing ji ji shu yi min@e美澳两国之比较研究@dInternational student mobility and skilled migration@ea comparative study of Australia and the United States@f顾皓著@zeng
210    @a长春@c吉林大学出版社@d2019
215    @a206页@d24cm
330    @a本书对澳大利亚和美国实施的策略进行对比,将审视已经设计和实施的策略变化——特别是入境和移民方面的法规和政策,并分析这两个国家里国际学生的流动性。
510 1  @aInternational student mobility and skilled migration@ea comparative study of Australia and the United States@zeng
517 1  @a美澳两国之比较研究@9mei ao liang guo zhi bi jiao yan jiu
606 0  @a留学生教育@x对比研究@y美国@y澳大利亚
606 0  @a移民@x对比研究@y美国@y澳大利亚
690    @aG649.712.8@v5
690    @aG649.611.8@v5
690    @aD761.138@v5
690    @aD771.238@v5
690    @aG649.712@v4
701  0 @a顾皓@9gu hao@4著
801  0 @aCN@b山东中教@c20190731
905    @aBZT@dG649.712@e6
    
    国际学生流动性及技术移民:美澳两国之比较研究=International student mobility and skilled migration:a comparative study of Australia and the United States/顾皓著.-长春:吉林大学出版社,2019
    206页;24cm
    
    
    ISBN 978-7-5692-4662-9:CNY58.00
    本书对澳大利亚和美国实施的策略进行对比,将审视已经设计和实施的策略变化——特别是入境和移民方面的法规和政策,并分析这两个国家里国际学生的流动性。
●
相关链接 在五车中查询图书 在当当中查询图书 在豆瓣中查询图书


正题名:国际学生流动性及技术移民     索取号:G649.712/6         预约/预借

序号 登录号 条形码 馆藏地/架位号 状态 备注
1 2000988874   2000988874   中教第一批/山东中教(第一批)/283/ [索取号:G649.712/6] 在馆    
2 2000988875   2000988875   中教第一批/山东中教(第一批)/283/ [索取号:G649.712/6] 在馆    
3 2000988876   2000988876   中教第一批/山东中教(第一批)/283/ [索取号:G649.712/6] 在馆    
4 2000988877   2000988877   中教第一批/山东中教(第一批)/283/ [索取号:G649.712/6] 在馆    
5 2000988878   2000988878   中教第一批/山东中教(第一批)/283/ [索取号:G649.712/6] 在馆    
6 2000988879   2000988879   中教第一批/山东中教(第一批)/283/ [索取号:G649.712/6] 在馆    
山东省滨州职业学院图书馆 欢迎您!
大连网信软件有限公司© 版权所有